[Event "Titled Tuesday intern op 30th May Early"]
[Site "Chess.com INT"]
[Date "2023.05.30"]
[Round "2"]
[White "Bazilius, Augustinas"]
[Black "Lisjak, Zlatko"]
[Result "1-0"]
[WhiteElo "2050"]
[BlackElo "2215"]
[PlyCount "45"]
[EventDate "2023.05.30"]
[EventType "swiss (blitz)"]
[EventRounds "11"]
[EventCountry "USA"]
[SourceTitle "CBM 214 Extra"]
[Source "ChessBase"]
[SourceDate "2023.07.31"]
[SourceVersion "1"]
[SourceVersionDate "2023.07.31"]
[SourceQuality "1"]

1. d4 d6 2. c4 e5 3. dxe5 dxe5 4. Qxd8+ Kxd8 5. Nc3 Be6 6. b3 c6 7. Bb2 Kc7 8. g3 Nd7 9. 0-0-0 f6 10. Bg2 Nh6 11. h3 Nf7 12. f4 exf4 13. gxf4 Bd6 14. e3 Rhe8 15. Nf3 Bc5 16. Nd4 Nd6 17. Na4 Rad8 18. e4 Bg8 19. Rhe1 a6 20. e5 fxe5 21. fxe5 Nc8 22. Nxc6 bxc6 23. Rxd7+ 1-0

[Event "Titled Tuesday intern op 30th May Early"]
[Site "Chess.com INT"]
[Date "2023.05.30"]
[Round "6"]
[White "Lisjak, Zlatko"]
[Black "Mirzanurov, Bulat"]
[Result "1/2-1/2"]
[WhiteElo "2215"]
[BlackElo "2232"]
[PlyCount "87"]
[EventDate "2023.05.30"]
[EventType "swiss (blitz)"]
[EventRounds "11"]
[EventCountry "USA"]
[SourceTitle "CBM 214 Extra"]
[Source "ChessBase"]
[SourceDate "2023.07.31"]
[SourceVersion "1"]
[SourceVersionDate "2023.07.31"]
[SourceQuality "1"]

1. e4 c5 2. b4 cxb4 3. Bb2 d6 4. a3 Nf6 5. d3 bxa3 6. Nxa3 g6 7. Nf3 Bg7 8. Be2 0-0 9. 0-0 Nc6 10. h3 a6 11. c4 Re8 12. Qb1 Qb6 13. Nc2 Bd7 14. Ne3 Rec8 15. Bxf6 Qxb1 16. Raxb1 Bxf6 17. Rxb7 Be8 18. Nd5 Rcb8 19. Rfb1 Rxb7 20. Nxf6+ exf6 21. Rxb7 Ne5 22. Nd4 a5 23. f4 Nc6 24. Nb5 a4 25. Nxd6 a3 26. Rb1 a2 27. Ra1 Nb4 28. Bd1 Nxd3 29. Nxe8 Rxe8 30. Rxa2 Rxe4 31. Bf3 Rxc4 32. g3 Rc1+ 33. Kg2 Ne1+ 34. Kf2 Nxf3 35. Kxf3 Rc3+ 36. Kf2 Kg7 37. g4 Rxh3 38. Ra7 Rc3 39. Kg2 g5 40. f5 Rc4 41. Kg3 Rc3+ 42. Kg2 Rc2+ 43. Kg3 Rc3+ 44. Kg2 1/2-1/2

[Event "Titled Tuesday intern op 30th May Early"]
[Site "Chess.com INT"]
[Date "2023.05.30"]
[Round "10"]
[White "Lisjak, Zlatko"]
[Black "Winkels, Marcel"]
[Result "0-1"]
[WhiteElo "2215"]
[BlackElo "1960"]
[PlyCount "42"]
[EventDate "2023.05.30"]
[EventType "swiss (blitz)"]
[EventRounds "11"]
[EventCountry "USA"]
[SourceTitle "CBM 214 Extra"]
[Source "ChessBase"]
[SourceDate "2023.07.31"]
[SourceVersion "1"]
[SourceVersionDate "2023.07.31"]
[SourceQuality "1"]

1. e4 Nf6 2. e5 Nd5 3. d4 d6 4. exd6 exd6 5. c4 Nb6 6. Bd3 Be7 7. h3 0-0 8. Nf3 Nc6 9. 0-0 Bf6 10. d5 Ne5 11. Nxe5 Bxe5 12. Nc3 a6 13. Qc2 g6 14. Bh6 Re8 15. b4 Bxh3 16. Ne4 Bf5 17. Bg5 f6 18. Be3 Bxe4 19. Bxe4 f5 20. Bd3 Qh4 21. f4 Bxa1 0-1

[Event "Titled Tuesday intern op 23rd May Early"]
[Site "Chess.com INT"]
[Date "2023.05.23"]
[Round "5"]
[White "De Souza, Cristiano Gomes"]
[Black "Lisjak, Zlatko"]
[Result "1-0"]
[WhiteElo "2018"]
[BlackElo "2215"]
[PlyCount "89"]
[EventDate "2023.05.23"]
[EventType "swiss (blitz)"]
[EventRounds "11"]
[EventCountry "USA"]
[SourceTitle "CBM 214 Extra"]
[Source "ChessBase"]
[SourceDate "2023.07.31"]
[SourceVersion "1"]
[SourceVersionDate "2023.07.31"]
[SourceQuality "1"]

1. d4 d6 2. c4 e5 3. dxe5 dxe5 4. Qxd8+ Kxd8 5. Nc3 Be6 6. e4 c6 7. Be3 f6 8. Nf3 Kc7 9. Rc1 Nd7 10. Be2 Nh6 11. h3 Nf7 12. 0-0 Rd8 13. Rfd1 a5 14. Kf1 g5 15. Nd5+ Kb8 16. Nb6 Be7 17. Nxd7+ Rxd7 18. Rxd7 Bxd7 19. c5 Be6 20. Bd2 a4 21. Bd1 Bxa2 22. Bxa4 Be6 23. b4 h5 24. Ke2 g4 25. hxg4 hxg4 26. Ne1 Rd8 27. b5 cxb5 28. Bxb5 Rd4 29. Bd3 Nd8 30. Nc2 Ra4 31. Ne3 Nc6 32. Bc3 Nd4+ 33. Bxd4 exd4 34. Nf5 Bxf5 35. exf5 Ra2+ 36. Rc2 Rxc2+ 37. Bxc2 Bxc5 38. Kd3 Kc7 39. Ke4 Kd6 40. Kf4 d3 41. Bxd3 Bxf2 42. Kxg4 Kc5 43. Kf4 b5 44. g4 Bd4 45. g5 1-0

[Event "Titled Tuesday intern op 23rd May Early"]
[Site "Chess.com INT"]
[Date "2023.05.23"]
[Round "6"]
[White "Lisjak, Zlatko"]
[Black "Napoli, Nicolo"]
[Result "1-0"]
[WhiteElo "2215"]
[BlackElo "2231"]
[PlyCount "145"]
[EventDate "2023.05.23"]
[EventType "swiss (blitz)"]
[EventRounds "11"]
[EventCountry "USA"]
[SourceTitle "CBM 214 Extra"]
[Source "ChessBase"]
[SourceDate "2023.07.31"]
[SourceVersion "1"]
[SourceVersionDate "2023.07.31"]
[SourceQuality "1"]

1. d4 d5 2. Nc3 Nf6 3. Bf4 c5 4. e3 e6 5. Nb5 Na6 6. c3 cxd4 7. exd4 Bd7 8. a4 Bxb5 9. Bxb5+ Nd7 10. Nf3 Nc7 11. Bxc7 Qxc7 12. Ne5 Rd8 13. Qh5 g6 14. Qf3 f5 15. Qe2 Ke7 16. Nxd7 Rxd7 17. Bxd7 Qxd7 18. 0-0 Bh6 19. Rfe1 Kf7 20. a5 Rc8 21. a6 b6 22. Qd3 Bf4 23. g3 Bd6 24. Re2 Qc7 25. Rae1 Re8 26. Qb5 Re7 27. Kg2 h5 28. h4 Re8 29. Re3 Re7 30. Qe2 Qd7 31. b3 Qc8 32. Qf3 Kg7 33. Qe2 Qd7 34. c4 dxc4 35. bxc4 Bb4 36. Rb1 Qd6 37. d5 exd5 38. Rxe7+ Qxe7 39. Qxe7+ Bxe7 40. cxd5 Bd6 41. Re1 Kf7 42. Re6 Bc5 43. Rc6 Bd4 44. Rc7+ Kf6 45. Rxa7 Ke5 46. Rd7 b5 47. a7 Bxa7 48. Rxa7 Kxd5 49. Rg7 Kc4 50. Rxg6 b4 51. Rg5 b3 52. Rg8 b2 53. Rb8 Kc3 54. Kf3 Kc2 55. Kf4 b1Q 56. Rxb1 Kxb1 57. Kxf5 Kc1 58. g4 Kd1 59. gxh5 Ke1 60. h6 Kf1 61. h7 Kg2 62. h8Q Kh3 63. h5 Kh4 64. h6 Kh3 65. h7 Kg2 66. Qg7+ Kf3 67. h8Q Ke2 68. Qe5+ Kf1 69. Qh1+ Kxf2 70. Qf4+ Ke2 71. Qhe4+ Kd1 72. Qf2 Kc1 73. Qec2# 1-0

[Event "Titled Tuesday intern op 23rd May Early"]
[Site "Chess.com INT"]
[Date "2023.05.23"]
[Round "7"]
[White "Rose, Felix"]
[Black "Lisjak, Zlatko"]
[Result "1-0"]
[WhiteElo "2091"]
[BlackElo "2215"]
[PlyCount "85"]
[EventDate "2023.05.23"]
[EventType "swiss (blitz)"]
[EventRounds "11"]
[EventCountry "USA"]
[SourceTitle "CBM 214 Extra"]
[Source "ChessBase"]
[SourceDate "2023.07.31"]
[SourceVersion "1"]
[SourceVersionDate "2023.07.31"]
[SourceQuality "1"]

1. d4 d6 2. e4 Nf6 3. Nc3 c6 4. f4 Qa5 5. Bd3 e5 6. Nf3 Nbd7 7. 0-0 exd4 8. Nxd4 Qb6 9. Be3 Qxb2 10. Qd2 Ng4 11. Rab1 Qa3 12. Ncb5 cxb5 13. Nxb5 Qa4 14. Nc7+ Kd8 15. Nxa8 Nxe3 16. Qxe3 b6 17. Bb5 Qa5 18. Kh1 Be7 19. Bc6 Qc5 20. Qxc5 Nxc5 21. e5 dxe5 22. fxe5 Be6 23. Rbd1+ Kc8 24. c4 Kb8 25. Bd5 Bxd5 26. cxd5 Kxa8 27. d6 Bd8 28. Rxf7 Re8 29. Re1 Nd3 30. Re3 Nxe5 31. d7 Re6 32. Rf8 Kb7 33. Rxd8 Kc7 34. Rc8+ Kxd7 35. Rc1 Ke7 36. Rce1 Kf6 37. g3 g6 38. Kg2 h5 39. h3 b5 40. h4 a5 41. Re4 b4 42. R1e2 Kf5 43. Rf4# 1-0